| 000 | 00413nam a2200133Ia 4500 | ||
|---|---|---|---|
| 008 | 201002s9999 xx 000 0 und d | ||
| 020 | _a978-971-981-103-9 | ||
| 100 | _aGo-Monilla, Ma. Joycelyn | ||
| 245 |
_cMa. Joycelyn Go-Monilla, Normaliza Ramirez _aUnderstanding the self/ |
||
| 260 |
_aManila: _bC&E Publishing _c2018 |
||
| 300 |
_axiii, 250 pages _c22 cm. |
||
| 650 | _aHuman behavior | ||
| 650 | _aPsychology | ||
| 999 |
_c364556 _d364556 |
||